000 00738nam a22002292 4500
001 0000012069
005 20151217152106.0
008 090129s xx 000 0 eng d
020 _a9966446737 :
040 _aKABU
_cKABU
100 1 _aKezilahabi, Euphrase.
_@0000168260
245 1 0 _aRosa mistika /
_cEuphrase Kezilahabi.
250 _a1st ed.
260 _aNairobi :
_bK. L. B.,
_c2005.
300 _a98 p.
852 1 _9p185 KES
852 1 _9p220 KES
852 1 _9p220 KES
852 1 _9p220 KES
908 _a090129
950 _@1
999 _c8162
_d8162